| 000 | 01289nam0a22002531 4500 | ||
|---|---|---|---|
| 001 | rc\4134011 | ||
| 005 | 20250611103304.0 | ||
| 021 |
_aRU _b[54-1941] |
||
| 035 | _a(NLR Aleph) 008159318 | ||
| 090 |
_a7795490 _c7795490 |
||
| 100 | _a20130415d1953 |||y0rusy50 ca | ||
| 101 | 0 | _arus | |
| 102 | _aRU | ||
| 105 | _aa z ||||| | ||
| 200 | 1 |
_aМатериалы Научно-технической конференции по обмену передовым опытом в Кузнецком каменноугольном бассейне _fМ-во угольной пром-сти СССР. Техн. упр. по эксплуатации. Бюро техн. информации. Всесоюз. науч. инж.-техн. горное о-во. Кемеров. отд-ние |
|
| 210 |
_aМосква _cУглетехиздат _d1953 |
||
| 215 |
_a148 с., 1 л. схем. _cил. _d22 |
||
| 606 |
_aУгледобыча _jСборники _2psbo |
||
| 710 | 1 | 2 | _aНаучно-техническая конференция по обмену передовым опытом в Кузнецком каменноугольном бассейне (1953; Кемерово) |
| 801 | 0 |
_aRU _bNLR _gpsbo |
|
| 801 | 1 |
_aRU _bELAR _2rusmarc |
|
| 852 |
_aNLR _jТ26 Г-5/751 |
||
| 942 | _cBOOK | ||
| 980 | _aNB | ||